| Tag |
First Indicator |
Second Indicator |
Subfields |
| LEADER |
00000cam a22000001 4500 |
| 001 |
in00000093542 |
| 005 |
20150927070154.0 |
| 008 |
700217s1968 paua 00000 eng |
| 010 |
|
|
|a 79000130
|
| 035 |
|
|
|a (OCoLC)00043554
|
| 035 |
|
|
|9 AAL5389AM
|
| 037 |
|
|
|c 9.95
|
| 040 |
|
|
|a DLC
|c DLC
|d TXA
|d UtOrBLW
|
| 049 |
|
|
|a TXAM
|c [432459]
|
| 050 |
0 |
0 |
|a TR590
|b .N8 1968
|
| 082 |
0 |
|
|a 770.1/53
|
| 100 |
1 |
|
|a Nurnberg, Walter,
|d 1907-1991.
|
| 245 |
1 |
0 |
|a Lighting for photography ;
|b means and methods.
|
| 250 |
|
|
|a 16th rev. ed.
|
| 264 |
|
1 |
|a Philadelphia :
|b Chilton Book Co.,
|c [1968]
|
| 300 |
|
|
|a 209 pages :
|b illustrations (part color) ;
|c 25 cm.
|
| 336 |
|
|
|a text
|b txt
|2 rdacontent
|
| 337 |
|
|
|a unmediated
|b n
|2 rdamedia
|
| 338 |
|
|
|a volume
|b nc
|2 rdacarrier
|
| 650 |
|
0 |
|a Photography
|x Lighting.
|
| 999 |
|
|
|a MARS
|
| 999 |
f |
f |
|s 695fcd10-08a6-363a-b41b-e4874c5630a6
|i 5e28c7b7-a463-3d30-85d6-99ed5b9fe9f0
|t 0
|
| 952 |
f |
f |
|p normal
|a Texas A&M University
|b College Station
|c Sterling C. Evans Library
|d Evans: Library Stacks
|t 0
|e TR590 .N8 1968
|h Library of Congress classification
|i unmediated -- volume
|m A14805627480
|
| 998 |
f |
f |
|a TR590 .N8 1968
|t 0
|l Evans: Library Stacks
|